000 00489nam a2200169Ia 4500
003 GCL
008 140319s9999 xx 000 0 ara d
040 _aGCL /
_cGCL
082 0 4 _a321.04
_bع ا
245 1 0 _aالامم المتحدة بين الاستقلال والاستقالة والترميم
300 _a117
490 _aكتاب
_v0
650 0 4 _aالسياسة
650 0 4 _aالسياسات الادارية
650 0 4 _aالسياسات الدولية
942 _2ddc
_cBK
999 _c43132
_d43132